Public investment and the trade cycle in Great Britain

Gespeichert in:
Bibliographische Detailangaben
1. Verfasser: Bretherton, R.F
Weitere Verfasser: Burchardt, F.A, Rutherford, Rs.G
Format: Buch
Sprache:Englisch
Veröffentlicht: Oxford At the Clarendeon Press 1941
Tags: Tag hinzufügen
Keine Tags, Fügen Sie das erste Tag hinzu!

MARC

LEADER 00000nam a2200000 4500
001 c131343
005 20041019155252.1
041 0 |a eng 
044 |a GB 
245 1 0 |a Public investment and the trade cycle in Great Britain  |c R.F. Bretherton, F.A. Burchardt, Rs.G. Rutherford 
264 1 |a Oxford  |b At the Clarendeon Press  |c 1941 
300 |a 454 s. 
100 1 |a Bretherton, R.F. 
700 1 |a Burchardt, F.A. 
700 1 |a Rutherford, Rs.G.